000
00213 a2200109 4500
020
_a
9786074532364
041
_a
spa
100
_a
Monroy Lopez, Angelica
245
_a
Pulgarcito
942
_c
BK
999
_c
29616
_d
29614
999
_d
29614